00584nam a2200169 a 450000100100000000500170001000800410002704000250006808200210009311000420011424500870015625000110024326000380025430000360029250000430032870000430037100002939020240229073823.0110415s2006 dr ad 000 | spa d aDO-SdBNPbspacBNPHU axxxbO329p, 20062 aOficina Nacional de Defensa Pública10aPautas mínimas de la defensa pública /cpresentación de Jorge A. Subero Isa. a2a ed. aSanto Domingo :bCorripio,c2006. a137 p. :bil., diagr. ;c23 cm. aIncluye notas al pie de las páginas.1 aSubero Isa, Jorge A.,d1947-epresent.